Statistics for Flag Quiz Medium

Click here to take the quiz!

General Stats

  • This quiz has been taken 20 times
  • The average score is 13 of 16

Answer Stats

Answer% Correct
Chile
94%
Thailand
94%
Croatia
89%
Georgia
89%
Turkey
89%
Uganda
89%
Vietnam
89%
Morocco
83%
Romania
83%
Bangladesh
78%
Malaysia
78%
Slovakia
78%
Slovenia
78%
Algeria
72%
Armenia
67%
Azerbaijan
61%

Score Distribution

Percentile by Number Answered

Percent of People with Each Score

Your Score History

You have not taken this quiz